000 00374nam a22001577a 4500
003 MPLRDC
005 20220104114441.0
008 210129b ||||| |||| 00| 0 eng d
082 _a857.63 CKL v.154
100 _a岑凯伦
245 _a千金小姐
_c
260 _a
_b小说创作社
_c
300 _b
650 _a短篇小说--别集
942 _cBK
_o857.63 CKL v.154
999 _c7561
_d7551